000 00946cab a2200277 4500
001 WB2818-12
008 090401t1992 xxu||||| |||| 00| 0 eng d
035 _a(Sirsi) u600
041 _aeng
245 _aListed building
260 _c1992
350 _a0
490 _aEstates Gazette Case Summaries
_v1992 EGCS 61(1) (25/4/92)
520 _aIn "Henry Davis & Co v SoS for Environment and another" QBD 10 April 1992, an application by a developer to quash the inspector`s refusal to grant permission for the demolition and replacement of a listed building in a conservation area was dismissed,
650 _aCONSERVATION AREAS
650 _aDEMOLITION
650 _aDOE CIRCULAR 8/87
650 _aLISTED BUILDING CONSENT
650 _aLISTED BUILDINGS
650 _aPLANNING PERMISSION
650 _aREFUSAL
690 _aCONSERVATION-CASE LAW
690 _aPROPERTY-PROPERTY DEVELOPMENT
942 _n0
948 _c04/03/1997
999 _c293
_d293